00495 2200181 4500001002100000005001500021035002000036245007000056100001700126300001700143700001700160260004800177082000800225084001400233020002200247600001700269990002700286INLIS00000000000040920251030021234 a0010-10250002271 aHAMKA :bUlama serba bisa dalam sejarah Indonesia /cTim Historia0 aTim Historia a214 ;c19 cm0 aTim Historia aJAKARTA :bPT Kompas Media Nusantara,c2018 a928 a928 TIM h a978-602-412-494-6 4aTim Historia a2019/SMK MIRI/2242/001